| 000 | 00458nam a2200193Ia 4500 | ||
|---|---|---|---|
| 005 | 20250603144758.0 | ||
| 008 | 250603s9999 xx 000 0 und d | ||
| 020 | _a978027376472 | ||
| 050 | _aQA 76.9.D33 .C37/ | ||
| 100 | _aCarrano, Frank M. | ||
| 245 | 0 | _aData structures and abstractions with Java | |
| 250 | _a3rd ed. | ||
| 260 | _aBoston | ||
| 260 | _b Prentice Hall | ||
| 260 | _c2012 | ||
| 300 | _a809 p | ||
| 650 | _aBoston | ||
| 942 | _cBK | ||
| 999 |
_c39924 _d39924 |
||